01925nam a2200433Ia 4500001001200000003000800012006001900020007001500039008004100054010001700095020003800112020003500150040002100185035002100206050002600227082002800253100002600281245012200307260005900429300001100488490003100499504005100530533015200581650004100733650003800774650006000812650005700872650004900929650004600978650005301024651006101077651005901138651005501197655002901252710001701281830005001298856012601348999001701474ebr10223837CaPaEBRm u cr cn|||||||||080205s2008 wiu sb 001 0 eng d z 2008005190 z9780874620818 (pbk. : alk. paper) z0874620813 (pbk. : alk. paper) aCaPaEBRcCaPaEBR a(OCoLC)46092810814aJS1114.A2bL45 2008eb04a352.3/52160973090412221 aLee, Mordecai,d1948-10aBureaus of efficiencyh[electronic resource] :breforming local government in the progressive era /cby Mordecai Lee. aMilwaukee, Wis. :bMarquette University Press,cc2008. a292 p.1 aUrban life series ;vno. 4 aIncludes bibliographical references and index. aElectronic reproduction.bPalo Alto, Calif. :cebrary,d2009.nAvailable via World Wide Web.nAccess may be limited to ebrary affiliated libraries. 0aCivil servicezWisconsinzMilwaukee. 0aCivil servicezIllinoiszChicago. 0aPolitical corruptionzWisconsinzMilwaukeexPrevention. 0aPolitical corruptionzIllinoiszChicagoxPrevention. 0aIndustrial efficiencyzWisconsinzMilwaukee. 0aIndustrial efficiencyzIllinoiszChicago. 0aProgressivism (United States politics)xHistory. 0aMilwaukee (Wis.)xPolitics and governmenty20th century. 0aChicago (Ill.)xPolitics and governmenty20th century. 0aUnited StatesxPolitics and governmenty1901-1953. 7aElectronic books.2local2 aebrary, Inc. 0aUrban life series (Milwaukee, Wis.) ;vno. 4.40uhttp://site.ebrary.com/lib/rucke/Doc?id=10223837zAn electronic book accessible through the World Wide Web; click to view c25300d25300